Applied general statistics / (Record no. 30321)
[ view plain ]
| 000 -LEADER | |
|---|---|
| fixed length control field | 00912nam a2200277 a 4500 |
| 001 - CONTROL NUMBER | |
| control field | 30321 |
| 003 - CONTROL NUMBER IDENTIFIER | |
| rucl marc code | BD-RJUL |
| 005 - DATE AND TIME OF LATEST TRANSACTION | |
| control field | 20220209102308.0 |
| 008 - FIXED-LENGTH DATA ELEMENTS--GENERAL INFORMATION | |
| fixed length control field | 900924t19681967uk a b 001 0 eng d |
| 020 ## - INTERNATIONAL STANDARD BOOK NUMBER | |
| International Standard Book Number | 027340315X |
| 035 ## - SYSTEM CONTROL NUMBER | |
| System control number | (BD-RjUL)30321 |
| 040 ## - CATALOGING SOURCE | |
| Original cataloging agency | BD-RjUL |
| Language of cataloging | eng |
| Transcribing agency | BD-RjUL |
| 041 ## - LANGUAGE CODE | |
| Language code of text/sound track or separate title | eng |
| 082 ## - DEWEY DECIMAL CLASSIFICATION NUMBER | |
| Edition number | 23 |
| Classification number | 519.5 |
| Author mark and year | CRA 1968 |
| 100 ## - MAIN ENTRY--PERSONAL NAME | |
| Personal name | Croxton, Frederick E. |
| Fuller form of name | (Frederick Emory), |
| Dates associated with a name | 1899- |
| 9 (RLIN) | 414 |
| 245 00 - TITLE STATEMENT | |
| Title | Applied general statistics / |
| Statement of responsibility, etc. | Frederick E. Croxton, Dudley J. Cowden and Sidney Klein. |
| 250 ## - EDITION STATEMENT | |
| Edition statement | 3rd ed. |
| 260 ## - PUBLICATION, DISTRIBUTION, ETC. (IMPRINT) | |
| Place of publication, distribution, etc. | London : |
| Name of publisher, distributor, etc. | sir Isaac Pitman and sons Ltd. , |
| Date of publication, distribution, etc. | 1968, c1967 |
| 300 ## - PHYSICAL DESCRIPTION | |
| Pagination | xviii, 754 p. : |
| Illustrations | ill. ; |
| Size | 24 cm. |
| 504 ## - BIBLIOGRAPHY, ETC. NOTE | |
| Bibliography, etc | Includes bibliographical references and index. |
| 650 ## - SUBJECT ADDED ENTRY--TOPICAL TERM | |
| Topical term or geographic name as entry element | Statistics |
| 9 (RLIN) | 415 |
| Topical term or geographic name as entry element | Statistics |
| General subdivision | Graphic methods. |
| 9 (RLIN) | 416 |
| 700 ## - ADDED ENTRY--PERSONAL NAME | |
| Personal name | Cowden, Dudley J., Jt. Auth. |
| Personal name | Klein, Sidney, Jt. Auth. |
| 942 ## - ADDED ENTRY ELEMENTS (KOHA) | |
| Source of classification or shelving scheme | Dewey Decimal Classification |
| Koha item type | Books |
| Lost status | Source of classification or shelving scheme | Damaged status | Not for loan | Collection code | Permanent Location | Current Location | Shelving location | Date acquired | Source of acquisition | Total Checkouts | Full call number | Date last seen | Copy number | Koha item type |
|---|---|---|---|---|---|---|---|---|---|---|---|---|---|---|
| Dewey Decimal Classification | Not For Loan | Non-fiction | Central Library, University of Rajshahi | Central Library, University of Rajshahi | Reading Room | 17/05/1995 | British Council, Rajshahi | 519.5 CRA 1968 | 28/12/2021 | C-1 | Books |